[Event "41. Olympiad Tromso 2014 Open"]
[Site "TromsÅ™"]
[Date "2014.08.09"]
[Round "7"]
[White "Svidler, Peter"]
[Black "Laznicka, Viktor"]
[Result "0-1"]
[WhiteElo "2751"]
[BlackElo "2676"]
[EventDate "2014.??.??"]
[PlyCount "82"]
[EventCountry "NOR"]
[WhiteTeam "Russia"]
[BlackTeam "Czech Republic"]
[WhiteTeamCountry "RUS"]
[BlackTeamCountry "CZE"]

1. e4 c6 2. d4 d5 3. e5 Bf5 4. Nf3 e6 5. Be2 Ne7 6. Nbd2 c5 7. dxc5 Nec6 
8. Nb3 Nd7 9. O-O {Zatím oÄ�ekávaná podívaná - ViktorÅ¯v korunní 
Caro-Kann, který oba borci urÄ�itÄ› mÄ›li v pÅ™ípravÄ›. Tuto pozici jiÅ¾ 
Svidler jednou hrál v roce 2003 s BÄ›lovem, kdy se stalo 9. ...Sxc5. 
NicménÄ› Viktor odpovÄ›dÄ›l tahem} 9. ... Bg4 {, který není novinkou, ale 
Svidler se hluboce zamyslel a nevymyslel zhola nic. BohuÅ¾el, Å¡achy jsou 
remíza.} 10. Nfd4 Bxe2 11. Qxe2 Nxd4 12. Nxd4 Bxc5 13. Be3 O-O {ÄŒerný má 
sice trochu ménÄ› prostoru, zato mu hrají vÅ¡echny figurky a také Å¾e uÅ¾ 
jich na Å¡achovnici tolik není, coÅ¾ stísnÄ›né stranÄ› vyhovuje. NemÄ›l by
mít Å¾ádný podstatný problém.} 14. f4 Qc7 15. Rac1 {ZaÄ�átek velmi 
podivného plánu.} ( {TuÅ¡ím, Å¾e to byl Aljechin, kdo prohlásil, Å¾e 
pÄ›Å¡ec na e5 je signálem k útoku na krále. Proto logiÄ�tÄ›ji vypadá 
koncentrovat síly na druhém kÅ™ídle.} 15. Rae1 {s myÅ¡lenkou krytí na e5 
(aÅ¾ bílý pÅ¯jde v budoucnu f5), dále Å™eknÄ›me} 15. ... Rac8 16. c3 a6 
17. Rf3 Rfe8 18. Rh3 {a zkusit Ä�erného vycukat k nÄ›jakému oslabení, 
ideálnÄ› ...h6. I po ...g6 jiÅ¾ lze nahmatat terÄ�e - pÄ›Å¡ce h7, 
oslabená Ä�erná pole. Ale neberte mÄ› radÅ¡i pÅ™íliÅ¡ váÅ¾nÄ›, jsem pÅ™eci
jen pomÄ›rnÄ› slabý hráÄ�.} ) 15. ... Rac8 16. b3 a6 17. c3 {Nemohu si 
pomoci, ale pÅ™ijde mi, Å¾e výsledkem celého manévru Vac1, b3, c3 bylo 
akorát vytvoÅ™ení slabiny na c3. MoÅ¾nou myÅ¡lenkou bylo c4, coÅ¾ ale 
bílý nikdy neprovede.} ( 17. c4 Nb6! 18. cxd5 Nxd5 19. Bf2 Qe7 =+ {
pomáhá jenom Ä�ernému} ) 17. ... Rfe8 18. Bf2 b5 {Zato náÅ¡ hráÄ� dÄ›lá 
jen samé pÅ™irozené tahy.} 19. Kh1 g6 {Nevím, jestli je to nutný tah, ale 
pÅ™inejhorÅ¡ím na Å¡kodu být nebude, se slabinou na c3 se útok organizuje 
dost tÄ›Å¾ko.} 20. h4 {KdyÅ¾ to nejde figurami, pÅ¯jde to pÄ›Å¡ci! SmÅ¯la 
jen, Å¾e pÄ›Å¡ec konÄ�í svou pouÅ¥ jiÅ¾ po prvním kroku.} 20. ... Bf8 21. 
Nf3 {KonÄ› na e4 proskoÄ�it nechat nemÅ¯Å¾e.} 21. ... Nc5 22. Bd4? {Kdyby 
takový tah udÄ›lal nÄ›jaký mladý Å¡achista, dostal by od trenéra 
poÅ™ádnÄ› pÅ™es prsty. KdyÅ¾ to udÄ›lá Peter Svidler, je tÅ™eba se 
zamyslet, proÄ� jej zahrál.} ( 22. Bxc5 {mi pÅ™ijde jako tah, nad kterým 
se nepÅ™emýÅ¡lí, Sf2 je v pozici bílého jen uslintaný idiot, který kouká 
po vlastních pÄ›Å¡cích. Petrohradský bohatýr vymýÅ¡lel hlubokou 
podkopávací myÅ¡lenku, ale podkopnul jen vlastní nohy.} 22. ... Qxc5 23. 
h5 {a pak Å™eknÄ›me Jg5, dámu na h4, buch buch a mat. To zní jako plán, 
ne?} ) ( {PÅ™ípadnÄ›, pokud chce bílý hrát kompaktnÄ›ji, nemÄ›l by 
pouÅ¡tÄ›t jezdce na e4. Po} 22. Nd2 {si stále drÅ¾í Å¡ance na postupné 
vyrovnání.} ) 22. ... Ne4 {Co byste radÅ¡i, velkého bílého pÄ›Å¡ce na d4, 
nebo Ä�erného jezdce na e4?} 23. Kh2 Qa5 24. c4 bxc4 25. bxc4 Ba3 26. Rc2 
Qa4 {NejspíÅ¡e to byl tento tah, který bílý nevidÄ›l. TeÄ� pÅ™ijde 
forsírovaná Ä�ást...} 27. Qd3 Rc7 28. Rb1 Rec8 29. Qb3 Qxb3 30. axb3 dxc4 
31. Ra1 Bb4 32. bxc4 Rxc4 33. Rxc4 Rxc4 34. Rxa6 Nd2! {...a výsledkem 
celé slavné koncepce, zaÄ�ínající tahem 15. Vac1, jsou následující trosky.
Pozice je sice k pláÄ�i, ale rozhodnÄ› není beznadÄ›jná, nicménÄ› bílý ke 
svému neÅ¡tÄ›stí Ä�asovku tragicky nezvládnul a rozsypal se jako domeÄ�ek 
z karet.} 35. Ra8+ Kg7 36. Bf2 Rxf4 37. Kg3? ( {pozici jakÅ¾-takÅ¾ drÅ¾í} 
37. Ra4! Nxf3+ 38. Kg3! Rc4 ( 38. ... Bd2 39. Rxf4 Bxf4+ 40. Kxf4 =+ {je 
drÅ¾itelná koncovka} ) 39. gxf3 {a není jasné, jak se Ä�erný chce 
rozvazovat} ) 37. ... Rf5 38. Be3 Nxf3 39. gxf3 Be1+ 40. Kg2 Bxh4 41. Bc5 
h5 0-1

[Event "41. Olympiad Tromso 2014 Open"]
[Site "TromsÃÂ¸"]
[Date "2014.08.09"]
[Round "7"]
[White "Dominguez Perez, Leinier"]
[Black "Mamedyarov, Shakhriyar"]
[Result "1-0"]
[WhiteElo "2760"]
[BlackElo "2743"]
[EventDate "2014.??.??"]
[Annotator "Ramirez Alvarez,Alejandro"]
[PlyCount "61"]
[EventCountry "NOR"]
[WhiteTeam "Cuba"]
[BlackTeam "Azerbaijan"]
[WhiteTeamCountry "CUB"]
[BlackTeamCountry "AZE"]

1. e4 c5 2. Nf3 d6 3. d4 cxd4 4. Nxd4 Nf6 5. Nc3 a6 6. f3 Qb6 {Not as 
popular as e6 or e5, but still certainly a valid move.} 7. g4 Nc6 8. Nb3 
e6 9. Qe2 Qc7 10. Be3 b5 11. O-O-O {a fork in the road for Black. Besides 
the move played by Mamedyarov, Be7 and Bb7 are also alternatives. This 
line hasn't seen much exposure in the past few years but it is certainly 
important.} 11. ... Nd7 12. Qf2 Nce5 13. Kb1 {With theory basically gone 
we have an interesting Sicilian. Black has neglected development but has 
positioned his knights nicely; he hopes to hold on the dark-squares to 
prevent any kind of White play.} 13. ... Be7 14. Rg1 g5 {This is the point
of the system, now the Black knight on e5 is very powerful and cannot be 
dislodged.} 15. h4 h6 16. Rh1 Rg8 ( 16. ... gxh4!? {is not as dumb as it 
looks.} ) 17. hxg5 hxg5 18. Rh3! {A very smart rook lift. With the defense
of the pawn on f3 white prepares to use his queen for active operations as
well as allowing himself to double up on the h-file.} 18. ... Rb8 19. Nd4 
b4 20. Na4 Nf6 21. b3 Bd7 22. Bxa6!? {Not a very human move, but certainly
an interesting one. Black was gaining some momentum on his attack but was 
not particularly paying attention to the placement of his pawns. Dominguez
snaps one of them forcing Mamedyarov to show his hand.} 22. ... d5 ( 
22. ... Bxa4?! 23. bxa4 +/- ) ( 22. ... Qa5!? 23. Be2 Bxa4 24. bxa4 Qxa4 
25. Qf1! {The ctonrol of the diagonal is very important and the threat of 
Bb5+ is simply very unpleasant.} ) 23. Qh2! {The way Dominguez plays all 
ove the board is beautiful. The point of this is to lure the bishop to d6!
} 23. ... Bd6 24. Qe2! {now Nb5 in some variations will be an issue.} 
24. ... Qa5 25. Rh6 Ke7 ( 25. ... Be7 {was the better move.. . However 
white would have had a surprising resource.} 26. Qh2! +/- ( 26. Nf5!? {
might also be winning!} ) ) 26. exd5 {a simple capture that does not have 
a good answer.} 26. ... Bxa4 ( 26. ... Nxd5 27. Nf5+ Kf8 ( 27. ... exf5 
28. Rxd6 Kxd6 29. Bc5+ Ke6 30. Rxd5! Kxd5 31. Qd1+! Kc6 32. Qd6# ) 28. 
Nxd6 Bxa4 29. Rxd5! {is hopless. White would have an attack that is simply
too strong.} ) 27. dxe6! {There is no reason to recapture on a4 when there
is a move like Nf6 up in the air!} 27. ... fxe6 28. bxa4 Nd5 29. Nc6+! 
Nxc6 30. Bxg5+ Kf8 31. Qxe6! {The game is simply over; Black's counterplay
comes too slow in every line and he is getting checkmated everywhere. For 
example:} ( 31. Qxe6 Nc3+ 32. Ka1 Qxg5 33. Rf6+ +- ) 1-0

[Event "41. Olympiad Tromso 2014 Open"]
[Site "TromsÃÂ¸"]
[Date "2014.08.09"]
[Round "7"]
[White "Aronian, Levon"]
[Black "Leko, Peter"]
[Result "1-0"]
[WhiteElo "2805"]
[BlackElo "2740"]
[EventDate "2014.??.??"]
[Annotator "Marin, Mihail"]
[PlyCount "99"]
[EventCountry "NOR"]
[WhiteTeam "Armenia"]
[BlackTeam "Hungary"]
[WhiteTeamCountry "ARM"]
[BlackTeamCountry "HUN"]

1. d4 Nf6 2. c4 e6 3. Nf3 d5 4. Nc3 c6 {This whole series of moves played 
at lightning speed was interrupted by Aronian's one-minute thought on the 
next one.} 5. Bg5 {In principle, the most aggressive move, but it does not
disclose anything yet. According to both players' mood we could get the 
dynamic and strategically complex Cambridge Springs variation, the 
irrational Botvinnik or anti Moscow systems, but also the somewhat dull 
Exchange variation or (as outfashioned this might be) the Capablanca 
system.} 5. ... h6 {With his move, Leko passes to his opponent the 
responsability of choosing the character of the game.} 6. Bxf6 {Aronian is
not keen to check his opponent's preparation in the ultra-sharp anti 
Moscow variation and settles for a positional battle with some light 
initiative for White.} 6. ... Qxf6 7. Qb3 Nd7 8. e4 dxe4 9. Nxe4 Qf4 10. 
Bd3 Be7 {[#]} 11. Bc2!? {If we except game played in 1928, this is a 
novelty. However, the bishop retreat is not really unusual for this line 
and play will eventually transpose to previous games.} ( {The curious 
thing is that Leko thought for almost half an hour before answering, which
makes me think that against the usual} 11. O-O {he did not intend to get 
castled, but rather tried} 11. ... e5!? ) 11. ... O-O ( {After White has 
cleared the third rank,} 11. ... e5? {would run into} 12. g3 {winning the 
e5-pawn.} ) 12. O-O Rd8 {Leko had another long thought on this natural 
move - a quarter of an hour. He must have felt uncomfrotable in a position
he possibly did not study at home. Otherwise it is not practical to spend 
so much time on moves on natural moves which could be played without 
thinking.} ( {The more natural move order is} 12. ... b6 13. Rfe1 Bb7 {
leaving for later the decision about how to develop rooks.} ) 13. Rad1 b6 
14. Rfe1 Bb7 {[#]White has completed his development harmoniously and can 
safely claim to have stepped into the middlegame. Black still needs to 
open the long diagonal for his b7-bishop and find some way of putting to 
work his queen's rook. If he achieves that under favourable circumstances,
his position will be pleasant, due to his bishops' pair. I assume that 
this is the kind of position making Steinitz state that the advance in 
development has a volatile character. The first official World Champion 
would surely like playing with black, due to his lack of weaknesses and 
potentially strong bishops. And indeed, it is not easy for White to 
strengthen his position in the near future. His mobilisation is so good, 
his pieces are so well placed that it almost looks as if he was... in 
Zugzwang!} 15. h4!? {Fortunately, White has pawn moves available, so he 
does not need to worsen the position of any of his pieces. Which makes me 
think of a somewhat naive Steinitzian advice to keep most of the pawns 
back, so as to have reserve tempi in the pawn ending! With his move, 
Aronian seems to be admitting that he cannot prevent the opening of the 
centre, but he uses the available time for putting pressure on the 
kingside. In certain cases, h4-h5 combined with Qd3 would be killing.} 
15. ... Qc7?! {This passive move is hard to understand, especially that 
Leko spent almost 15 minutes on it!} ( {Black should not have delayed the 
two developing moves mentioned above:} 15. ... c5 16. d5 exd5 17. cxd5 
Rac8!? {Threatening ...c5-c4, which would prevent White from setting the 
dangerous battery along the b1-h7 diagonal and cuase the hite queen some 
problems of mobility.} 18. Bb1!? c4 19. Qc2 Nf8 {and Black would be doing 
fine.} ) 16. Qe3 {Quite logical: White takes the offered space.} 16. ... 
c5 17. d5 exd5 18. cxd5 {[#]Aronian spent on this natural move more than 
ten minutes. He must have considered the knight retreats to g3 and c3, 
coming to the conclusion that it is too early to define his intentions 
regarding the knight. White has an active position, but needs to play with
precision. If his initiative vanishes, he could even get some problems, 
due to his} 18. ... Nf8?! {Played almost without thinking, this will lead 
to a passive position.} ( {Black would have had better chances to hold the
position with} 18. ... Bd6 {True, White's intrusion along the e-file looks
threatening:} 19. Nxd6 Qxd6 20. Qe7 Qxe7 21. Rxe7 {but after} 21. ... Kf8 
22. d6 Bxf3 23. gxf3 Nf6 {things would not be entirely clear. Black 
threatens to simplify with ...Rd7, while after} 24. Rc7 Ne8 25. Rc6 {he 
would have the strong defensive move} 25. ... g6! {Preparing ...Rd7 
without fearing Bf5 and clearing the g7-square for the knight.} 26. d7 Ng7
{With his king close to the main theater of action, Black has good chances
to hold.} ) 19. Ng3 {Gaining a tempo for the defence of the d5-pawn and 
preparing for establishing the kingside domination with h4-h5 and Nf5.} 
19. ... Bf6 20. Be4! {The b2-pawn is not important, it is the central 
passed pawn that counts.} 20. ... Re8 ( {Leko hesitated for 17 minutes 
before declining the sacrfice. If} 20. ... Bxb2 21. Qb3 Bf6 22. d6 Qd7 23.
 Bf5 Qc6 24. Ne4 {White has strong pressure.} ) 21. d6 Qd7 22. Qd2 {
[#]Since the dark-squared bishop cannot attack the passed pawn any more, 
the fight has become rather one-sided. White can increase his pressure at 
no risk. By now, even Wilhelm Steinitz would have to admit that, according
to his own criteria, White has managed to convert his advance in 
development and initiative into something more palpable, more stable.} 
22. ... Ne6 23. Bxb7 Qxb7 24. Nf5 Red8 25. Re3 {Just one of the possible 
ways of activating White's position.} ( {Strategically,} 25. h5 {looks 
quite appealing.} ) 25. ... h5 {This natural move fails to consolidate the
kingside. The weakening of the g5-square will have more serious effects 
than it may seem at first sight.} 26. Qe2 b5 ( 26. ... Nf4 {does not 
achieve much after} 27. Qc4 Ne6 28. Rde1 ) 27. Ng5! {The start of the 
final attack.} 27. ... Nf4 ( {Black had no favourable way of taking the 
pawn, for instance} 27. ... Nxg5 28. hxg5 Bxg5 29. Qxh5 {(threatening Rh3)
} 29. ... Bxe3 30. Ne7+ ) 28. Qf1 c4 29. g3 Nd3 {The last hope. Would the 
outpost on d3 be able to bring in some relief?} 30. Rdxd3! {Not really! 
Aronian played this exchange sacrifice (truly in the spirit of the former 
World Champion Tigran Vartanovich Petrosian) after just one minute. The 
knight was the only good thing in Black's position. After its 
disppearance, Black will not be able to cope with the kingside threats and
with the passed pawn at the same time.} 30. ... cxd3 31. Qxd3 Bxg5 {Black 
has to eliminate this knight.} ( {For instance,} 31. ... Rd7 32. Ne7+ {
leads to mate.} ) 32. hxg5 {Threatening Qd4 or Qc3.} 32. ... g6 33. Ne7+ 
Kh7 {[#]} 34. Rf3!? {A good practical decision, based on a correct 
evaluation of the ensuing ending. As postulated by Steinitz, one form of 
advantage can be transformedinto some other form if the objective 
(abstract) evaluation does not change. From a killing attack to a won 
ending, I have heardso many times that this is the most technical 
approach. There are many other ways to win, though.} ( 34. Re6!? {is an 
elegant attacking move} ) ( {but the most natural continuation would be} 
34. Qd4 b4 35. Qf6 Rf8 36. Nf5! gxf5 37. Re7 Qd5 38. Qh6+ Kg8 39. g6 {with
inevitable mate.} ) 34. ... Qxe7 35. dxe7 Rxd3 36. Rxd3 Re8 37. Rd7 a5 38.
 Kg2 Kg7 39. Kh3! {It is important to activate the king before Black gets 
to attack the e7-pawn.} 39. ... f5 {There is no other way of freeing the 
king.} 40. gxf6+ Kxf6 41. Kh4 {[#]} 41. ... a4 ( {Taking the pawn would 
lead to a lost pawn ending:} 41. ... Rxe7 42. Rxe7 Kxe7 43. Kg5 Kf7 44. f4
Kg7 45. f5 gxf5 46. Kxf5 Kh6 47. Kf6 {wins.} ) 42. a3 Kf7 43. f4 Kf6 44. 
Rb7 Ra8 45. Rb6+! {An accurate way of simplifying to a technical ending.} 
45. ... Kxe7 46. Rxg6 Rd8 47. Rg5 b4 48. Ra5 Rd2 49. Rxa4 bxa3 50. Rxa3 {
With two extra pawns White would have no problem winning.} 1-0